000 01126cam a2200313 i 4500
001 19844
003 CO-MdFUSB
005 20240531062742.0
008 160819b xxu||||| |||| 00| 0 eng d
020 _a1-85274-028-0
040 _cCO-MdFUSB
_dCO-MdFUSB
_bEspañol
_erda
041 _aspa
082 0 4 _a24
_2G 232.09
_bSH541f
100 1 _aSheehan, Thomas
245 1 0 _aThe first coming :
_b How the kingdom of God became Christianity
_c/ Thomas Sheehan
264 _aNorthamptonshire, England :
_bCrucible,
_c1986
300 _a287 páginas
336 _2rdacontent
_atexto
_btxt
337 _2rdamedia
_asin mediación
_bn
338 _2rdacarrier
_avolumen
_bnc
501 _aPasta dura
505 0 0 _aCómo entró el cristianismo en crisis - Cómo vivió y murió Jesús - Cómo fue resucitado Jesús de entre los muertos - Cómo se convirtió Jesús en Dios - La recuperación del reino.
600 0 7 _aJesucristo
600 0 7 _aJesucristo
_xDivinidad
630 7 _aBiblia.
_pNuevo Testamento
_xCrítica, interpretación, etc.
650 7 _aCristología
_9239
650 7 _aCristianismo
_2
_922
942 _cBK
999 _c46202
_d46202